[Event "Championnat de France des Jeunes - Benj"]
[Site "TROYES"]
[Date "2010.04.17"]
[Round "8.1"]
[White "Kambrath, Yannick"]
[Black "Giroyan, Gary"]
[Result "0-1"]
[WhiteElo "1941"]
[BlackElo "2181"]
[PlyCount "0"]

1. d4 Nf6 2. c4 e6 3. Nc3 Bb4 4. e3 Nc6 5. Nge2 e5 6. a3 Bxc3+ 7. Nxc3 d6 8.
Be2 O-O 9. O-O exd4 10. exd4 d5 11. c5 h6 12. b4 Bf5 13. Bf4 Qd7 14. Rc1 Nd8
15. b5 c6 16. a4 Ne6 17. Be5 Ne4 18. Nxe4 Bxe4 19. Rc3 Rfe8 20. Rg3 Kh7 21. Bd3
f6 22. Bd6 Nxd4 23. Bxe4+ Rxe4 24. Re3 Nf5 25. Rxe4 dxe4 26. Qb1 Nxd6 27. Rd1
cxb5 28. Rxd6 Qf5 29. Qxb5 Rc8 30. Qxb7 Qxc5 31. Rd1 Qd4 32. Qb1 Qxa4 33. f3 f5
34. g4 Qc2 35. gxf5 e3 36. Qxc2 Rxc2 37. Re1 Rc5 38. Rxe3 Rxf5 39. Ra3 a5 40.
Kf2 Kg6 41. Ra4 Kf6 42. h4 Ke6 43. Rd4 Rd5 44. Rg4 g5 45. hxg5 hxg5 46. f4 Rf5
47. Ke2 gxf4 48. Kf3 Kd5 49. Rg1 Kc4 50. Rb1 a4 51. Ke4 Ra5 52. Rc1+ Kb3 53.
Kd3 Rd5+ 54. Ke4 Rd2 55. Rc8 a3 56. Kxf4 a2 57. Ra8 Rd1 58. Rb8+ Kc4 0-1

[Event "Championnat de France des Jeunes - Benj"]
[Site "TROYES"]
[Date "2010.04.17"]
[Round "8.2"]
[White "Lamard, Guillaume"]
[Black "Grandadam, Patrick"]
[Result "1/2-1/2"]
[WhiteElo "2117"]
[BlackElo "2104"]
[PlyCount "56"]

1. d4 Nf6 2. c4 g6 3. Nc3 d5 4. Nf3 Bg7 5. Qb3 dxc4 6. Qxc4 O-O 7. e4 a6 8. Bf4
b5 9. Qxc7 Qxc7 10. Bxc7 Bb7 11. e5 Nd5 12. Nxd5 Bxd5 13. a4 Nc6 14. Be2 Rfc8
15. Bb6 Rab8 16. a5 Nb4 17. O-O Rc2 18. Bc5 Rxe2 19. Bxb4 Bf8 20. Nd2 e6 21.
Bxf8 Rxd2 22. Be7 Rxb2 23. Rfb1 Rxb1+ 24. Rxb1 Rc8 25. Bc5 Kg7 26. f4 f6 27.
Kf2 f5 28. h3 h5 1/2-1/2

[Event "Championnat de France des Jeunes - Benj"]
[Site "TROYES"]
[Date "2010.04.17"]
[Round "8.3"]
[White "Eid, Amine"]
[Black "Pruvot, Louis"]
[Result "1-0"]
[WhiteElo "1851"]
[BlackElo "1881"]
[PlyCount "67"]

1. Nf3 d5 2. g3 c5 3. Bg2 Nf6 4. d3 Nc6 5. Nbd2 e5 6. O-O Bg4 7. h3 Bd7 8. e4
d4 9. Ne1 g5 10. Nc4 h6 11. f4 gxf4 12. gxf4 exf4 13. Bxf4 Be6 14. Ne5 Be7 15.
Qf3 Nd7 16. Nxc6 bxc6 17. e5 Bd5 18. Qh5 Bg5 19. Bxd5 cxd5 20. e6 Rf8 21. exd7+
Qxd7 22. Bxg5 hxg5 23. Nf3 O-O-O 24. Ne5 Qd6 25. Qg4+ Kb8 26. Nxf7 Rxf7 27.
Rxf7 Qe6 28. Raf1 Qe3+ 29. Kh2 Ka8 30. Rf8 Re8 31. Rxe8+ Qxe8 32. Qf5 Qc6 33.
Qf8+ Kb7 34. Rf7+ 1-0

[Event "Championnat de France des Jeunes - Benj"]
[Site "TROYES"]
[Date "2010.04.17"]
[Round "8.4"]
[White "Kirk, Ezra"]
[Black "Bourgeois, Florian"]
[Result "1-0"]
[WhiteElo "1970"]
[BlackElo "1805"]
[PlyCount "89"]

1. d4 Nf6 2. c4 c5 3. d5 b5 4. Qc2 g6 5. Nc3 bxc4 6. e4 d6 7. Bxc4 Bg7 8. Nf3
Nbd7 9. O-O O-O 10. Re1 Ng4 11. Bf1 Nde5 12. Nd2 Nxf2 13. h3 Nxh3+ 14. gxh3 f5
15. Bg2 f4 16. Rf1 Ba6 17. Rf3 Nxf3+ 18. Nxf3 Qb6 19. Kh1 Rab8 20. Rb1 Qa5 21.
Bd2 Bxc3 22. Bxc3 Qxa2 23. Nh4 Qb3 24. Qd2 Qc4 25. Ra1 Qd3 26. Qxd3 Bxd3 27.
Rxa7 f3 28. Nxf3 Bxe4 29. Rxe7 Rxf3 30. Rxe4 Rf7 31. Re6 Rb6 32. Kh2 Rf5 33.
Kg3 Kf7 34. h4 Kf8 35. Kg4 Ra6 36. Be4 Rf7 37. Kg5 Ra4 38. Bf6 Rb4 39. Bd3 Rb6
40. Kh6 Rd7 41. h5 Rb3 42. Bc3 gxh5 43. Kxh5 Rbb7 44. Kh6 Re7 45. Bb5 1-0

[Event "Championnat de France des Jeunes - Benj"]
[Site "TROYES"]
[Date "2010.04.17"]
[Round "8.5"]
[White "Bapst, Valentin"]
[Black "Macon, Arthur"]
[Result "1/2-1/2"]
[WhiteElo "1828"]
[BlackElo "1949"]
[PlyCount "201"]

1. e4 e5 2. Nf3 Nc6 3. Bb5 a6 4. Ba4 Nf6 5. O-O Be7 6. Re1 b5 7. Bb3 d6 8. c3
O-O 9. h3 Na5 10. Bc2 d5 11. d4 dxe4 12. Nxe5 c5 13. Nd2 cxd4 14. Nxe4 dxc3 15.
Nxc3 Be6 16. Bf4 Rc8 17. Qe2 Bb4 18. Rad1 Qb6 19. Bg5 Be7 20. Ne4 Nxe4 21. Bxe7
Nxf2 22. Bxh7+ Kxh7 23. Qxf2 Qxf2+ 24. Kxf2 Rfe8 25. Bb4 Rc2+ 26. Rd2 Rxd2+ 27.
Bxd2 Nb7 28. a3 Nc5 29. Bb4 Na4 30. Re2 Bd5 31. Nd3 Rxe2+ 32. Kxe2 Bxg2 33. b3
Nb6 34. Nc5 Bxh3 35. Nxa6 g5 36. Nc7 Bd7 37. Bc5 Nc8 38. Nd5 Be6 39. Ne7 Nxe7
40. Bxe7 Kg6 41. a4 Bxb3 42. axb5 Bc4+ 43. Kf3 Bxb5 44. Bc5 Kf5 45. Be3 f6 46.
Kg3 Be2 47. Bd2 Ke4 48. Kf2 Bd1 49. Kg3 Be2 50. Kf2 Bc4 51. Kg3 Be6 52. Kf2 Bd7
53. Kg3 Kd3 54. Bc1 Ke2 55. Kg2 Bc6+ 56. Kg3 Bf3 57. Bb2 f5 58. Bc1 g4 59. Bf4
Be4 60. Bc7 Bc6 61. Bf4 Kd3 62. Bc7 Ke4 63. Bb8 Bd7 64. Bc7 Kd5 65. Bb8 Ke6 66.
Bf4 Kd5 67. Bb8 Kc5 68. Bf4 Kc6 69. Be5 Kb6 70. Bf4 Kb7 71. Be5 Kc8 72. Bf4 Kd8
73. Be5 Ke7 74. Bb8 Kf7 75. Bf4 Kg6 76. Bb8 Kg5 77. Bc7 Kg6 78. Bb8 Kh5 79. Bf4
Bc6 80. Bb8 Bf3 81. Bf4 Bh1 82. Bb8 Ba8 83. Bf4 Bf3 84. Bc7 Kg6 85. Bf4 Bd5 86.
Bb8 Be6 87. Bf4 Bc8 88. Bb8 Bd7 89. Bf4 Be6 90. Bc7 Kf7 91. Bf4 Kg7 92. Bb8 Kg6
93. Bf4 Kh5 94. Bb8 Kh6 95. Be5 Kg6 96. Bb8 Bd5 97. Be5 Bb7 98. Bc7 f4+ 99.
Bxf4 Kf5 100. Bb8 Bf3 101. Bc7 1/2-1/2

[Event "Championnat de France des Jeunes - Benj"]
[Site "TROYES"]
[Date "2010.04.17"]
[Round "8.6"]
[White "Crouzet, Emeric"]
[Black "Bach, Anatole"]
[Result "0-1"]
[WhiteElo "1662"]
[BlackElo "1842"]
[PlyCount "66"]

1. d4 Nf6 2. c4 e6 3. Nf3 Bb4+ 4. Bd2 Qe7 5. g3 Nc6 6. Bg2 Bxd2+ 7. Nbxd2 d6 8.
Nf1 O-O 9. Ne3 Nh5 10. O-O f5 11. d5 Nd8 12. dxe6 Nxe6 13. Nd4 Rb8 14. Nexf5
Qf6 15. b3 Ng5 16. e4 g6 17. h4 Nxe4 18. Nh6+ Kg7 19. Bxe4 Kxh6 20. Qd2+ Kg7
21. Rfe1 Kh8 22. Bd5 Ng7 23. Re2 Bg4 24. f3 Nf5 25. Nc2 Nxg3 26. Rg2 Bf5 27.
Re1 Nh5 28. Nd4 c6 29. Be6 Rbe8 30. Nxf5 Rxe6 31. Ne3 Qxf3 32. Rf1 Qxe3+ 33.
Qxe3 Rxf1+ 0-1

[Event "Championnat de France des Jeunes - Benj"]
[Site "TROYES"]
[Date "2010.04.17"]
[Round "8.7"]
[White "Viennot, Dylan"]
[Black "Baroudel, Hadrien"]
[Result "1-0"]
[WhiteElo "2017"]
[BlackElo "1845"]
[PlyCount "57"]

1. e4 e5 2. Nf3 Nc6 3. Bb5 a6 4. Ba4 Nf6 5. O-O Be7 6. Re1 b5 7. Bb3 d6 8. c3
O-O 9. h3 Na5 10. Bc2 c5 11. a4 c4 12. d4 cxd3 13. Bxd3 Bd7 14. axb5 axb5 15.
Na3 Qb6 16. Be3 Qb7 17. b4 Nc4 18. Nxc4 bxc4 19. Rxa8 Rxa8 20. Bxc4 Qxe4 21.
Bxf7+ Kf8 22. Bg5 Qb7 23. Bxf6 gxf6 24. Bd5 Bc6 25. Bxc6 Qxc6 26. Qd3 Rc8 27.
Re3 e4 28. Rxe4 Qxc3 29. Qd5 1-0

[Event "Championnat de France des Jeunes - Benj"]
[Site "TROYES"]
[Date "2010.04.17"]
[Round "8.8"]
[White "Gelas, Christophe"]
[Black "Mirimanian, Haik"]
[Result "1-0"]
[WhiteElo "2000"]
[BlackElo "1818"]
[PlyCount "70"]

1. d4 g6 2. c4 Bg7 3. Nc3 d6 4. e4 e5 5. d5 f5 6. exf5 gxf5 7. Qh5+ Kf8 8. Bd3
Nf6 9. Qh3 Qd7 10. Nge2 f4 11. Qxd7 Nbxd7 12. f3 Kf7 13. g3 fxg3 14. Nxg3 h5
15. Nb5 Ne8 16. Ne4 Nc5 17. Ng5+ Kf6 18. Bc2 c6 19. Nc3 a5 20. Nce4+ Nxe4 21.
fxe4 Ke7 22. O-O Bf6 23. h4 Bg4 24. Rf2 Nc7 25. c5 Raf8 26. dxc6 bxc6 27. cxd6+
Kxd6 28. Be3 Bxg5 29. Rd2+ Ke6 30. Bb3+ Kf6 31. Bxg5+ Kg7 32. Rc1 Rc8 33. Rxc6
Nb5 34. Rdc2 Rxc6 35. Rxc6 Rf8 1-0

[Event "Championnat de France des Jeunes - Benj"]
[Site "TROYES"]
[Date "2010.04.17"]
[Round "8.9"]
[White "Poulet, Pierre-Emmanuel"]
[Black "Messinger, Karl"]
[Result "0-1"]
[WhiteElo "1760"]
[BlackElo "1902"]
[PlyCount "98"]

1. e4 c5 2. Nc3 Nc6 3. g3 g6 4. Bg2 Bg7 5. d3 d6 6. Be3 e6 7. Qd2 Nge7 8. Nge2
Nd4 9. O-O O-O 10. f4 f5 11. h3 Nec6 12. g4 Rb8 13. exf5 gxf5 14. g5 d5 15. Ng3
Nb4 16. Rac1 Nbxc2 17. Rxc2 Nxc2 18. Bxc5 Bd4+ 19. Bxd4 Nxd4 20. Nh5 Bd7 21.
Kh1 Be8 22. Nf6+ Rxf6 23. gxf6 Qxf6 24. Rg1 Kh8 25. Qe3 Bh5 26. Kh2 Rg8 27. Qf2
Nc6 28. Re1 d4 29. Nb1 Rc8 30. a3 b6 31. Nd2 Na5 32. b4 Nc6 33. Nb3 Bf7 34. Rc1
e5 35. fxe5 Qxe5+ 36. Kg1 Bxb3 37. Rxc6 Rxc6 38. Bxc6 Qe3 39. Bb5 Kg7 40. Qxe3
dxe3 41. Kf1 Kf6 42. Ke2 f4 43. Bc6 Ke5 44. Be4 h6 45. Bf3 Kd4 46. Bc6 Bd5 47.
Bb5 f3+ 48. Ke1 Be6 49. h4 f2+ 0-1

[Event "Championnat de France des Jeunes - Benj"]
[Site "TROYES"]
[Date "2010.04.17"]
[Round "8.10"]
[White "Grundman, Anatole"]
[Black "Purenne, Benoit"]
[Result "1-0"]
[WhiteElo "1742"]
[BlackElo "1886"]
[PlyCount "99"]

1. d4 d5 2. c4 e6 3. Nc3 Be7 4. cxd5 exd5 5. Qc2 c6 6. Bf4 g6 7. e3 Bf5 8. Bd3
Bxd3 9. Qxd3 Nd7 10. Nge2 Ngf6 11. O-O O-O 12. Bg3 Re8 13. f3 Nb6 14. b3 Bf8
15. Bh4 Bg7 16. e4 Qc7 17. e5 Nfd7 18. Rac1 c5 19. Nb5 Qc6 20. Nd6 Rxe5 21.
dxe5 Nxe5 22. Qc2 Qxd6 23. Qxc5 Qxc5+ 24. Rxc5 Nd3 25. Rc2 Nb4 26. Rd2 d4 27.
a3 d3 28. axb4 dxe2 29. Rxe2 Nd5 30. Bf2 b6 31. g3 Nxb4 32. Rd1 Bf6 33. Re4 Na6
34. Rc4 Be7 35. Kg2 f5 36. Ra1 Nc5 37. Bxc5 Bxc5 38. b4 Bd6 39. b5 Bc5 40. Rca4
Rd8 41. R1a2 g5 42. Rxa7 Rd1 43. Ra1 Rd2+ 44. Kh3 h5 45. R1a2 g4+ 46. fxg4
hxg4+ 47. Kh4 Rd5 48. Re2 Kf8 49. Re6 Bd4 50. Kg5 1-0

[Event "Championnat de France des Jeunes - Benj"]
[Site "TROYES"]
[Date "2010.04.17"]
[Round "8.1"]
[White "Navrotescu, Andreea-Cristiana"]
[Black "Vignette, Jeanne"]
[Result "1-0"]
[WhiteElo "1930"]
[BlackElo "1568"]
[PlyCount "37"]

1. d4 d5 2. c4 e6 3. Nc3 Be7 4. Nf3 Nf6 5. Bf4 O-O 6. e3 c5 7. dxc5 Bxc5 8. a3
a5 9. Qc2 Nc6 10. Be2 Re8 11. O-O b6 12. cxd5 exd5 13. Bb5 Bb7 14. Rfd1 Re6 15.
Ng5 Re8 16. Nxd5 h6 17. Nxf6+ Qxf6 18. Qh7+ Kf8 19. Rd7 1-0

[Event "Championnat de France des Jeunes - Benj"]
[Site "TROYES"]
[Date "2010.04.17"]
[Round "8.2"]
[White "Fischer, Julie"]
[Black "Bellaiche, Elise"]
[Result "0-1"]
[WhiteElo "1721"]
[BlackElo "1833"]
[PlyCount "0"]

1. e4 e6 2. d4 d5 3. e5 c5 4. c3 Nc6 5. Nf3 Bd7 6. Be2 Nge7 7. Na3 cxd4 8. cxd4
Nf5 9. Nc2 Qb6 10. O-O Na5 11. g4 Ne7 12. Nfe1 h5 13. gxh5 Nf5 14. Rb1 Bb5 15.
Nd3 Nc6 16. Be3 a5 17. Kh1 Rc8 18. Rg1 Bc4 19. b3 Ba6 20. Bg4 Nh6 21. Bxh6 Rxh6
22. Nde1 Ne7 23. f4 Bb5 24. Qd2 Bd7 25. Ne3 Nf5 26. Nxf5 exf5 27. Bf3 Be6 28.
Nd3 Qxd4 29. Rbc1 Rxc1 30. Rxc1 Bd7 31. Rd1 Rc6 32. Qxa5 Qe3 33. Ne1 Bc5 34.
Kg2 Qf2+ 35. Kh3 g5 36. hxg6 Rxg6 37. Qa8+ Ke7 38. Qh8 Qf1+ 39. Bg2 Qxf4 40.
Qh4+ Qxh4+ 41. Kxh4 Bf2+ 42. Kh5 Bxe1 43. Bxd5 Bf2 44. Bxb7 Be3 45. Kh4 Bf4 46.
Kh3 Bxe5 47. a4 f4+ 48. Kh4 Bf6+ 0-1

[Event "Championnat de France des Jeunes - Benj"]
[Site "TROYES"]
[Date "2010.04.17"]
[Round "8.3"]
[White "Rigolot, Lucie"]
[Black "Abidi, Hasma"]
[Result "1-0"]
[WhiteElo "1900"]
[BlackElo "1740"]
[PlyCount "47"]

1. e4 e6 2. d4 d5 3. Nd2 Nf6 4. e5 Nfd7 5. f4 c5 6. c3 b6 7. Ndf3 Ba6 8. Bxa6
Nxa6 9. Ne2 Be7 10. O-O Qc7 11. f5 O-O-O 12. Bg5 Nf8 13. b4 cxb4 14. cxb4 Kb7
15. b5 Nb8 16. a4 h6 17. Bxe7 Qxe7 18. a5 Nfd7 19. Qa4 Ka8 20. fxe6 fxe6 21.
Nf4 Nf8 22. axb6 Rd7 23. Nh4 g5 24. Nfg6 1-0

[Event "Championnat de France des Jeunes - Benj"]
[Site "TROYES"]
[Date "2010.04.17"]
[Round "8.4"]
[White "Sriskantharajah, Niruja"]
[Black "Bekhouche, Marion"]
[Result "0-1"]
[WhiteElo "1581"]
[BlackElo "1707"]
[PlyCount "98"]

1. e4 e6 2. d4 d5 3. Nc3 Nf6 4. Bg5 Be7 5. e5 Nfd7 6. Bxe7 Qxe7 7. f4 a6 8. Nf3
c5 9. Qd2 Nc6 10. Be2 O-O 11. O-O-O c4 12. g4 b5 13. h4 Nb6 14. Nb1 b4 15. Qe3
Na5 16. Rdg1 Bd7 17. b3 Rfc8 18. Kd1 Bb5 19. g5 Qc7 20. Qd2 cxb3 21. axb3 Bxe2+
22. Qxe2 Nxb3 23. Qd3 Na5 24. Nbd2 Na4 25. Kc1 Nc3 26. Rg2 b3 27. Nb1 b2+ 28.
Kd2 Nc4+ 29. Ke1 Nxb1 30. Kf2 Nba3 31. h5 b1=Q 32. Rxb1 Nxb1 33. g6 fxg6 34.
hxg6 h6 35. f5 exf5 36. Qxf5 Nb6 37. Qe6+ Kh8 38. Kg3 Re8 39. Qh3 Qc8 40. Qh4
Nc3 41. Ng5 Ne4+ 42. Nxe4 dxe4 43. Qxe4 Qe6 44. Rh2 Rac8 45. Qe3 Qxg6+ 46. Kh4
Qg5+ 47. Qxg5 hxg5+ 48. Kxg5+ Kg8 49. Rd2 Nd5 0-1

[Event "Championnat de France des Jeunes - Benj"]
[Site "TROYES"]
[Date "2010.04.17"]
[Round "8.5"]
[White "Nolot, Clementine"]
[Black "Reau, Florine"]
[Result "1-0"]
[WhiteElo "1672"]
[BlackElo "1460"]
[PlyCount "51"]

1. e4 e6 2. d4 d5 3. e5 c5 4. c3 Nc6 5. Nf3 Qb6 6. a3 cxd4 7. cxd4 Nge7 8. b4
Nf5 9. Bb2 Be7 10. Bd3 Bd7 11. Bxf5 exf5 12. Nc3 Be6 13. Rc1 f6 14. exf6 Bxf6
15. Na4 Qc7 16. O-O O-O 17. b5 Bf7 18. bxc6 bxc6 19. Nc5 Bh5 20. Ne6 Qb7 21.
Nxf8 Qxb2 22. Nd7 Bxf3 23. Nxf6+ gxf6 24. Qxf3 Qxd4 25. Qxf5 Rc8 26. Qxc8+ 1-0

[Event "Championnat de France des Jeunes - Benj"]
[Site "TROYES"]
[Date "2010.04.17"]
[Round "8.6"]
[White "Legrand, Claire"]
[Black "Bertrand, Meryl"]
[Result "1/2-1/2"]
[WhiteElo "1600"]
[BlackElo "1632"]
[PlyCount "70"]

1. e4 e5 2. Nc3 Nf6 3. Bc4 Bc5 4. d3 d6 5. f4 Nc6 6. f5 h6 7. Na4 Bb6 8. Nxb6
axb6 9. Nf3 Na5 10. Bb3 Nxb3 11. cxb3 Qe7 12. Qc2 d5 13. O-O dxe4 14. dxe4 O-O
15. h3 Re8 16. Re1 Qc5+ 17. Qxc5 bxc5 18. Bd2 b6 19. Bc3 Nd7 20. a3 f6 21. Rad1
Nb8 22. g4 Nc6 23. h4 g6 24. Rd3 g5 25. h5 Rd8 26. Rxd8+ Nxd8 27. Kf2 Nf7 28.
Nd2 Nd6 29. Nc4 Bb7 30. Nxd6 cxd6 31. Rd1 Rd8 32. Ke3 d5 33. exd5 Rxd5 34. Rxd5
Bxd5 35. b4 cxb4 1/2-1/2

[Event "Championnat de France des Jeunes - Benj"]
[Site "TROYES"]
[Date "2010.04.17"]
[Round "8.7"]
[White "Dieuleveut, Floriane"]
[Black "Susini, Lisa"]
[Result "1/2-1/2"]
[WhiteElo "1613"]
[BlackElo "1601"]
[PlyCount "91"]

1. e4 e6 2. d4 d5 3. e5 c5 4. c3 Nc6 5. Nf3 Qb6 6. Bd3 cxd4 7. cxd4 Bd7 8. Nc3
a6 9. O-O Nxd4 10. Nxd4 Qxd4 11. Qf3 Ne7 12. Rd1 Qb6 13. a3 Ng6 14. Re1 Be7 15.
Qg3 O-O 16. Re2 Be8 17. Be3 Qc7 18. Rae1 Qxe5 19. f4 Qc7 20. Bxg6 fxg6 21. Bd2
Bc5+ 22. Kh1 Bd7 23. Qd3 Bd6 24. Rc1 Qb8 25. h3 Bxf4 26. Nxd5 Bxd2 27. Qxd2
exd5 28. Qxd5+ Kh8 29. Qxd7 Qf4 30. Rce1 b5 31. Re8 Raxe8 32. Qxe8 Qf5 33. Qc6
Qc8 34. Qxc8 Rxc8 35. Re6 Ra8 36. Kg1 Kg8 37. Kf2 Rc8 38. Kf3 Rc2 39. b4 Rc3+
40. Re3 Rc4 41. Re4 Rc3+ 42. Re3 Rc4 43. Re2 Kf7 44. Rd2 Ke7 45. Ke3 Ke6 46.
Rd4 1/2-1/2

[Event "Championnat de France des Jeunes - Benj"]
[Site "TROYES"]
[Date "2010.04.17"]
[Round "8.8"]
[White "Dol, Cecile"]
[Black "Likhoded, Victoria"]
[Result "1/2-1/2"]
[WhiteElo "1610"]
[BlackElo "1677"]
[PlyCount "84"]

1. e4 d6 2. d4 Nf6 3. Nc3 g6 4. f4 Bg7 5. Nf3 c6 6. Bd3 Bg4 7. h3 Bxf3 8. Qxf3
Na6 9. O-O Nd7 10. e5 d5 11. a3 e6 12. Bd2 O-O 13. g4 c5 14. dxc5 Naxc5 15. b4
Na6 16. Qe2 Nc7 17. Kh1 Nb6 18. Rad1 Rc8 19. Rg1 f5 20. gxf5 exf5 21. Qg2 Ne6
22. Rgf1 Bh6 23. Nb5 a6 24. Nd6 Rb8 25. Nxf5 Bg7 26. Nxg7 Nxg7 27. Rg1 Kh8 28.
Rde1 Ne6 29. Qg4 Ng7 30. Ref1 Qd7 31. Qxd7 Nxd7 32. Bc3 Rbc8 33. Bb2 Ne6 34. f5
gxf5 35. Bxf5 Rce8 36. Bxe6 Rxf1 37. Rxf1 Rxe6 38. Re1 Kg7 39. Bc1 Nxe5 40. Bb2
Kf6 41. Rf1+ Ke7 42. Rg1 Ng6 1/2-1/2

[Event "Championnat de France des Jeunes - Benj"]
[Site "TROYES"]
[Date "2010.04.17"]
[Round "8.9"]
[White "Sourice, Nolwenn"]
[Black "Canterel, Cecile"]
[Result "0-1"]
[WhiteElo "1540"]
[BlackElo "1840"]
[PlyCount "52"]

1. e4 c5 2. Nf3 e6 3. d4 cxd4 4. Nxd4 a6 5. Bd3 Nc6 6. Nxc6 bxc6 7. Nd2 Qc7 8.
b3 Nf6 9. Bb2 Be7 10. O-O O-O 11. Qe2 d5 12. Rfd1 Bb7 13. c4 h6 14. Rac1 Qb8
15. Nf3 a5 16. Kh1 Nd7 17. Bc3 Bf6 18. Qe3 Bxc3 19. Rxc3 Nf6 20. Nd2 Rd8 21.
Qh3 Qe5 22. Bc2 Nxe4 23. Re3 Nxf2+ 24. Kg1 Nxh3+ 25. Rxh3 dxc4 26. bxc4 Qe2 0-1

[Event "Championnat de France des Jeunes - Benj"]
[Site "TROYES"]
[Date "2010.04.17"]
[Round "8.10"]
[White "Nourani, Maral"]
[Black "Mirete, Rita"]
[Result "0-1"]
[WhiteElo "1690"]
[BlackElo "1480"]
[PlyCount "36"]

1. e4 e5 2. Nf3 Nc6 3. d4 exd4 4. Bc4 Bb4+ 5. Bd2 Bxd2+ 6. Qxd2 d6 7. Bb3 Nf6
8. Ng5 O-O 9. Nxf7 Rxf7 10. Bxf7+ Kxf7 11. f3 d5 12. O-O Kg8 13. Qe2 Qe7 14.
Nd2 dxe4 15. Nxe4 Nxe4 16. Qxe4 Be6 17. a3 Qc5 18. Kh1 Bc4 0-1

[Event "Championnat de France des Jeunes - Pupi"]
[Site "TROYES"]
[Date "2010.04.17"]
[Round "8.1"]
[White "Rodriguez, Adrien"]
[Black "Bellahcene, Bilel"]
[Result "0-1"]
[WhiteElo "1797"]
[BlackElo "2072"]
[PlyCount "0"]

1. d4 Nf6 2. Nf3 e6 3. c4 b6 4. a3 Bb7 5. Nc3 d5 6. cxd5 Nxd5 7. Qc2 Be7 8. e4
Nxc3 9. bxc3 c5 10. Be3 cxd4 11. cxd4 O-O 12. Bd3 Nd7 13. O-O Rc8 14. Qe2 Rc3
15. e5 Bxf3 16. gxf3 Nxe5 17. Bxh7+ Kxh7 18. dxe5 Qd3 19. Qxd3+ Rxd3 20. a4 Rd5
21. f4 Bc5 22. Rfc1 Bxe3 23. fxe3 Ra5 24. Rc4 Rd8 25. Ra2 Rd7 26. Kf2 g6 27.
Kf3 Kg7 28. e4 Rd3+ 29. Kg4 Re3 30. h4 Rc5 31. Rd4 Rcc3 32. Rg2 Red3 33. Rb4
Rc6 34. Rgb2 Re3 35. Rd4 Rc1 36. Rg2 Rh1 37. Rg3 Re2 38. Kg5 a5 39. Rc4 Rb2 40.
f5 exf5 41. exf5 gxf5 42. Kxf5+ Kh7 43. Rcg4 Rf1+ 44. Ke4 Rd2 45. Rg7+ Kh6 46.
Rg8 Re1+ 47. Kf4 Rd4+ 48. Kf3 Rd3+ 49. Kf2 Rxg3 50. Rh8+ Kg7 51. Rb8 Rge3 52.
Rxb6 Rxe5 53. h5 Rh1 0-1

[Event "Championnat de France des Jeunes - Pupi"]
[Site "TROYES"]
[Date "2010.04.17"]
[Round "8.2"]
[White "Msellek, Ilyass"]
[Black "Duval, Thomas"]
[Result "1-0"]
[WhiteElo "1970"]
[BlackElo "1810"]
[PlyCount "67"]

1. Nf3 Nf6 2. d4 e6 3. e3 c5 4. Bd3 b6 5. O-O Be7 6. b3 O-O 7. Bb2 d6 8. Nbd2
Bb7 9. Qe2 Nbd7 10. Rad1 Qc7 11. dxc5 Nxc5 12. Ng5 h6 13. Bxf6 Bxf6 14. Nh7
Nxd3 15. Nxf6+ gxf6 16. cxd3 Qc2 17. f4 Qxa2 18. e4 Kh7 19. Qh5 Rac8 20. f5 e5
21. Rf3 Rc1 22. Rxc1 Qxd2 23. Rc7 Qd1+ 24. Kf2 Qd2+ 25. Kg3 Rg8+ 26. Kh4 Qxg2
27. Rxf7+ Rg7 28. Rxg7+ Qxg7 29. Rg3 Qf8 30. Qg6+ Kh8 31. Kg4 Qg7 32. Kf3 Qf8
33. Rh3 Bxe4+ 34. dxe4 1-0

[Event "Championnat de France des Jeunes - Pupi"]
[Site "TROYES"]
[Date "2010.04.17"]
[Round "8.3"]
[White "Alinc, Dimitri"]
[Black "Veys, Vincent"]
[Result "0-1"]
[WhiteElo "1772"]
[BlackElo "1643"]
[PlyCount "122"]

1. e4 e5 2. Nf3 Nc6 3. Bc4 Be7 4. d3 Nf6 5. O-O d6 6. Bg5 h6 7. Bxf6 Bxf6 8.
Nbd2 O-O 9. Re1 Be7 10. c3 Kh8 11. d4 Bg4 12. Qc2 Bf6 13. d5 Ne7 14. Be2 Bc8
15. b4 Ng6 16. Bf1 Bg5 17. c4 f5 18. Rad1 Bxd2 19. Qxd2 f4 20. c5 Qf6 21. Rc1
Ne7 22. cxd6 cxd6 23. Qc2 g5 24. Nd2 g4 25. f3 g3 26. h3 Ng8 27. Nb3 Rf7 28.
Qb2 Qd8 29. Rc3 Qb6+ 30. Kh1 Rg7 31. a3 Nf6 32. Rec1 Bd7 33. Na5 Ne8 34. Nc4
Qd8 35. b5 Qe7 36. Na5 Rb8 37. a4 Rg6 38. Nb3 Qg7 39. a5 Qe7 40. R1c2 Rg8 41.
Nc1 Qd8 42. Ra3 Nf6 43. b6 a6 44. Rac3 Qe7 45. Na2 Rg6 46. Nb4 Rgg8 47. Na2
Rgc8 48. Rxc8+ Rxc8 49. Rxc8+ Bxc8 50. Qc3 Qd7 51. Nc1 Qd8 52. Nd3 Bd7 53. Nb2
Qc8 54. Qxc8+ Bxc8 55. Nc4 Ne8 56. Bd3 Kg7 57. Kg1 Kf7 58. Kf1 Ke7 59. Ke1 Nf6
60. Kd2 Bxh3 61. gxh3 g2 0-1

[Event "Championnat de France des Jeunes - Pupi"]
[Site "TROYES"]
[Date "2010.04.17"]
[Round "8.4"]
[White "Rey, Gaetan"]
[Black "Rambaldi, Francesco"]
[Result "0-1"]
[WhiteElo "1701"]
[BlackElo "1952"]
[PlyCount "80"]

1. e4 c5 2. Nf3 e6 3. d4 cxd4 4. Nxd4 a6 5. c4 Nf6 6. Nc3 Bb4 7. Bd3 Nc6 8. Bc2
Qa5 9. Nxc6 Bxc3+ 10. bxc3 dxc6 11. O-O O-O 12. Rb1 e5 13. Bg5 Nd7 14. Qf3 f6
15. Bd2 Kh8 16. Qg3 Qxa2 17. Qd3 Qa3 18. Be3 Qe7 19. f4 Nc5 20. Qd1 Be6 21. Qh5
Bxc4 22. Rf2 Nd3 23. Rf3 Nxf4 24. Bxf4 exf4 25. e5 Bg8 26. Rh3 Qxe5 27. Qg6 f5
28. Bb3 Rf6 29. Qh5 Rh6 30. Qd1 Rxh3 31. gxh3 Qe3+ 32. Kh1 Bxb3 33. Qxb3 b5 34.
Rd1 f3 35. Qf7 Re8 36. Rg1 Rg8 37. Qxf5 Qxc3 38. Rf1 Qf6 39. Qe4 f2 40. Qg2 Rf8
0-1

[Event "Championnat de France des Jeunes - Pupi"]
[Site "TROYES"]
[Date "2010.04.17"]
[Round "8.5"]
[White "Biancarelli, Pablo"]
[Black "Haussernot, Cecile"]
[Result "0-1"]
[WhiteElo "1666"]
[BlackElo "1949"]
[PlyCount "80"]

1. d4 Nf6 2. c4 c5 3. d5 b5 4. Nd2 Qa5 5. Qc2 b4 6. e4 d6 7. Ngf3 g6 8. b3 Bg7
9. Bb2 O-O 10. Bd3 Qc7 11. O-O e5 12. a3 Na6 13. Rfc1 Nh5 14. Ne1 Nf4 15. Bf1
f5 16. g3 Nh5 17. Bg2 Nf6 18. f3 fxe4 19. Nxe4 Nxe4 20. fxe4 Bh6 21. Rcb1 Be3+
22. Kh1 bxa3 23. Bxa3 Rf2 24. Qd1 Bd4 25. Nd3 Rxg2 26. Kxg2 Bxa1 27. Rxa1 Rb8
28. Rb1 Bd7 29. Bc1 Rf8 30. Bh6 Rf7 31. Ra1 Nb4 32. Nxb4 cxb4 33. Qg1 Bg4 34.
Qxa7 Qxa7 35. Rxa7 Rxa7 36. Be3 Ra2+ 37. Kg1 Bh3 38. c5 Rg2+ 39. Kh1 Re2 40.
cxd6 Rxe3 0-1

[Event "Championnat de France des Jeunes - Pupi"]
[Site "TROYES"]
[Date "2010.04.17"]
[Round "8.6"]
[White "Froment, Theophile"]
[Black "Guedon, Sosthene"]
[Result "1-0"]
[WhiteElo "1834"]
[BlackElo "1607"]
[PlyCount "53"]

1. e4 c5 2. Nf3 d6 3. d4 cxd4 4. Qxd4 Nc6 5. Bb5 Bd7 6. Bxc6 Bxc6 7. Nc3 Nf6 8.
Bg5 g6 9. Bxf6 exf6 10. O-O-O Qe7 11. Rhe1 b6 12. Nd5 Bh6+ 13. Kb1 Qf8 14.
Nxf6+ Kd8 15. Ne5 Bb7 16. Qc4 Ke7 17. Qc7+ Kxf6 18. Nd7+ Kg7 19. Nxf8 Kxf8 20.
Qxb7 Kg7 21. Rxd6 Rad8 22. Qd5 Rc8 23. Qe5+ Kg8 24. Red1 Bf8 25. Rd8 Rc5 26.
Rxf8+ Kxf8 27. Rd8# 1-0

[Event "Championnat de France des Jeunes - Pupi"]
[Site "TROYES"]
[Date "2010.04.17"]
[Round "8.7"]
[White "Boudia, Samy"]
[Black "Ek, Alexandre"]
[Result "0-1"]
[WhiteElo "1633"]
[BlackElo "1833"]
[PlyCount "68"]

1. d4 Nf6 2. c4 g6 3. Nc3 d5 4. Nf3 Bg7 5. Bg5 Ne4 6. Bd2 Nxc3 7. bxc3 O-O 8.
e3 c5 9. Be2 Nc6 10. O-O Bg4 11. cxd5 Qxd5 12. h3 Bf5 13. Re1 e5 14. c4 Qd6 15.
d5 e4 16. Nh4 Bxa1 17. Qxa1 Nb4 18. Nxf5 gxf5 19. Rd1 f6 20. a3 Na6 21. f4 Kf7
22. Rb1 b6 23. Bc3 Ke7 24. Be5 fxe5 25. fxe5 Qg6 26. d6+ Ke6 27. Qc3 Qg7 28.
Qb3 Qxe5 29. Qb5 Nb8 30. Rd1 Nd7 31. Kh1 Qg3 32. Qb3 Rg8 33. Bf1 Ne5 34. Qc3
Nf3 0-1